| 000 | 00585nam a2200181Ia 4500 | ||
|---|---|---|---|
| 003 | GCL | ||
| 008 | 140319s9999 xx 000 0 ara d | ||
| 040 |
_aGCL / _cGCL |
||
| 082 | 0 | 4 |
_a813.01 _bى م |
| 100 | 1 | _aيوسف القعيد | |
| 245 | 1 | 0 |
_aمرافعة البلبل فى القفص و قصص آخرى (هدية من الأديب عبدالفتاح الجمل) / _cيوسف القعيد |
| 300 | _a137 ص | ||
| 490 | _a | ||
| 650 | 0 | 4 | _aالادب العربى |
| 650 | 0 | 4 | _aالقصص العربية |
| 650 | 0 | 4 | _aالقصص العربية القصيرة |
| 942 |
_2ddc _cBK |
||
| 999 |
_c40291 _d40291 |
||